Homestar Runner Characters Quiz Stats

 Plays Quiz not verified by Sporcle

Score 0/12 Timer 03:00
0 Plays Today
Quote Character % Correct
'Everybody loves the me! I'm a terrific athlete!'Homestar Runner
97.8%
'Check me out! No, seriously. Check me out.'Strong Bad
96.7%
'Meh! Meeeh meh!'The Cheat
96.7%
'Each day we die a little more.'Strong Sad
96.7%
'You say tomater, I zader madermorts.'Coach Z
95.6%
'I'm the only girl.'Marzipan
94.4%
'I DON'T WANT TO EAT A GUITAR!'Strong Mad
94.4%
'*Bubble Noise*'Pom Pom
88.9%
'I was raised by a cup of coffee.'Homsar
88.9%
'Pardon me, but did you say... leftovers?'The King of Town
84.4%
*Shrug*The Poopsmith
84.4%
'Shake it once! Shake it twice, a-gimme little bit o' sugar spice!'Bubs
83.3%

You're not logged in!

Compare scores with friends on all Sporcle quizzes.
OR
Log In

Show Comments

Extras

Top Quizzes Today


Score Distribution

Your Account Isn't Verified!

In order to create a playlist on Sporcle, you need to verify the email address you used during registration. Go to your Sporcle Settings to finish the process.

Report this User

Report this user for behavior that violates our Community Guidelines.

Details: